000 01243nam0a22002651 4500
001 rc\2937688
005 20250530041937.0
035 _a(NLR Aleph) 007213873
090 _a7676932
_c7676932
100 _a20090412d1937 |||y0rusy50 ca
101 0 _arus
102 _aRU
105 _ay z ||||y
200 1 _aНа третьей скорости
_gПод ред. С.Б. Урицкого
_gВыставочный ком-т Всесоюз. с.-х. выставки 1937 г.
_fТрофим Костенко, комбайнер Канеловск. МТС Штейнгардск. района Азово-Черноморск. края
210 _a[Москва]
_cизд-во и тип. изд-ва "Крестьян. газ."
_d1937
215 _aОбл., 11 с.
_d18х13 см
601 1 2 _aВсесоюзная сельско-хозяйственная выставка
_f1937
_eМосква
700 1 _aКостенко
_bТ.
_gТрофим
702 1 _4340
_aУрицкий
_bС. Б.
_cпарт. деятель, журналист
_f1893-1940
_gСемен Борисович
_9174013
_3RU\NLR\AUTH\770174064
801 0 _aRU
_bNLR
_gpsbo
801 1 _aRU
_bELAR
_2rusmarc
852 _aNLR
_j37-9/190
942 _cBOOK
980 _aNB